书目信息 |
| 题名: |
课程思政"三金"优秀教学设计案例
|
|
| 作者: | 张启鸿 , 姚光业 主编 | |
| 分册: | 3 第三辑 | |
| 出版信息: | 北京 首都经济贸易大学出版社 2022.09 |
|
| 页数: | 405页 | |
| 开本: | 24cm | |
| 丛书名: | ||
| 单 册: | ||
| 中图分类: | G711 | |
| 科图分类: | ||
| 主题词: | 教育--类型 | |
| 电子资源: | ||
| ISBN: | 978-7-5638-3353-5 | |
| 000 | 00671nam0 2200217 45 | |
| 001 | 2356830102 | |
| 005 | 20230209155113.82 | |
| 010 | @a978-7-5638-3353-5@dCNY 75.00 | |
| 100 | @a20230209d2022 km y0chiy0120 ea | |
| 101 | 0 | @achi |
| 102 | @aCN@b110000 | |
| 200 | 1 | @a课程思政"三金"优秀教学设计案例@h3@i第三辑@f张启鸿,姚光业 主编@Fzhang qi hong,yao guang ye zhu bian |
| 210 | @a北京@c首都经济贸易大学出版社@d2022.09 | |
| 215 | @a405页@d24cm | |
| 517 | @a第三辑@Adi san ji | |
| 606 | 0 | @a教育@x类型 |
| 690 | @aG711@v4 | |
| 701 | 0 | @a张启鸿@Azhang qi hong@4主编 |
| 701 | 0 | @a姚光业@Ayao guang ye@4主编 |
| 801 | 0 | @aCN@b河南城建学院图书馆@c20230209 |
| 905 | @dG711@eZ152:3 | |
| 课程思政"三金"优秀教学设计案例.3.第三辑/张启鸿,姚光业 主编.-北京:首都经济贸易大学出版社,2022.09 |
| 405页;24cm |
| ISBN 978-7-5638-3353-5:CNY 75.00 |
| ● |
| 相关链接 |
|
|
|
正题名:课程思政"三金"优秀教学设计案例
索取号:G711/Z152:3
 
预约/预借
| 序号 | 登录号 | 条形码 | 馆藏地/架位号 | 状态 | 备注 |
| 1 | 1507900 | 215079000 | 材料与化工学院资料室/ [索取号:G711/Z152:3] | 在馆 | |
| 2 | 1507901 | 215079019 | 材料与化工学院资料室/ [索取号:G711/Z152:3] | 在馆 |